[Event "Ïåðâåíñòâî Ìîñêâû ïî øàõìàòàì"]
[Site "Ìîñêâà, ÌÃÈÌÎ ïð. Âåðíàäñêîãî,"]
[Date "2018.11.22"]
[Round "6.5"]
[White "Lyadov, Kirill"]
[Black "Averkiev, Andrei"]
[Result "0-1"]
[WhiteElo "1226"]
[BlackElo "1440"]
[PlyCount "74"]
[EventDate "2018.11.18"]

1. e4 e6 2. d4 d5 3. e5 c5 4. c3 Qb6 5. Nf3 Nc6 6. a3 cxd4 7. cxd4 Nge7 8. b4
Nf5 9. Bb2 a5 10. b5 Be7 11. Be2 O-O 12. O-O Na7 13. a4 f6 14. Bd3 fxe5 15.
Nxe5 Bd6 16. f4 Bxe5 17. fxe5 Bd7 18. Bxf5 Rxf5 19. Rxf5 exf5 20. Nd2 Rc8 21.
Nb3 Qd8 22. Qf3 Be6 23. Nc5 Qe7 24. Ba3 b6 25. Nb3 Qc7 26. Rc1 Qd8 27. Qe3
Rxc1+ 28. Qxc1 Qh4 29. Qe3 f4 30. Qf2 Qg4 31. Qf3 Qf5 32. Qd1 Qe4 33. Kf1 Bf5
34. Na1 Qe3 35. g4 Bd3+ 36. Kg2 f3+ 37. Kh1 f2 0-1

[Event "Ïåðâåíñòâî Ìîñêâû ïî øàõìàòàì"]
[Site "Ìîñêâà, ÌÃÈÌÎ ïð. Âåðíàäñêîãî,"]
[Date "2018.11.22"]
[Round "6.6"]
[White "Frolov, Maxim"]
[Black "Dianin, Georgiy"]
[Result "1-0"]
[WhiteElo "1218"]
[BlackElo "1060"]
[PlyCount "99"]
[EventDate "2018.11.18"]

1. d4 Nf6 2. c4 e6 3. Nf3 d5 4. e3 a6 5. Nc3 dxc4 6. Bxc4 b5 7. Bd3 Be7 8. O-O
O-O 9. a3 Bb7 10. e4 c5 11. dxc5 Bxc5 12. Bc2 Qxd1 13. Rxd1 Nc6 14. Bg5 Ng4 15.
Bh4 Nge5 16. Nxe5 Nxe5 17. Bg3 Nc4 18. b4 Bb6 19. Bb3 Rfd8 20. Bxc4 bxc4 21.
Bd6 Bc6 22. h3 Rac8 23. Rac1 h6 24. Be7 Rd7 25. Rxd7 Bxd7 26. Rd1 Bb5 27. Bh4
g5 28. Bg3 Rd8 29. Rxd8+ Bxd8 30. f3 Bb6+ 31. Bf2 Bxf2+ 32. Kxf2 f6 33. Ke3 e5
34. Nd5 Kf7 35. Kd2 Ke6 36. Kc3 f5 37. Nc7+ Kf6 38. Nxb5 axb5 39. a4 bxa4 40.
Kxc4 fxe4 41. fxe4 Ke6 42. b5 a3 43. Kb3 a2 44. Kxa2 Kd6 45. Kb3 h5 46. Kc4 g4
47. b6 gxh3 48. gxh3 h4 49. b7 Kc7 50. Kd5 1-0

[Event "Ïåðâåíñòâî Ìîñêâû ïî øàõìàòàì"]
[Site "Ìîñêâà, ÌÃÈÌÎ ïð. Âåðíàäñêîãî,"]
[Date "2018.11.22"]
[Round "6.7"]
[White "Pereverzev, Timofei"]
[Black "Zverev, Lev"]
[Result "1/2-1/2"]
[WhiteElo "1338"]
[BlackElo "1723"]
[PlyCount "103"]
[EventDate "2018.11.18"]

1. d4 d5 2. c4 e6 3. Nf3 c6 4. Qc2 Nf6 5. Nbd2 Nbd7 6. g3 Bd6 7. Bg2 O-O 8. O-O
Re8 9. e4 dxe4 10. Nxe4 Nxe4 11. Qxe4 e5 12. Qc2 exd4 13. Nxd4 Nf6 14. Nf5 Bxf5
15. Qxf5 Qb6 16. b3 Bc5 17. Bf4 Re2 18. Bc7 Rxf2 19. Rxf2 Bxf2+ 20. Qxf2 Qxc7
21. Re1 Qd6 22. c5 Qd7 23. h3 Rd8 24. Kh2 Kf8 25. Qf4 Qd2 26. Qc7 Qxe1 27.
Qxd8+ Ne8 28. Qb8 Qa5 29. Qxb7 Qxc5 30. Qxc6 Qxc6 31. Bxc6 Nc7 32. Kg2 Ke7 33.
Kf3 Kd6 34. Be4 Ne6 35. h4 h6 36. Ke3 Ke5 37. b4 f5 38. Bf3 Nd4 39. Bd1 g5 40.
hxg5 hxg5 41. a4 Kd5 42. Kd3 f4 43. gxf4 gxf4 44. a5 f3 45. b5 f2 46. Be2 Nf5
47. b6 axb6 48. axb6 Kc6 49. Bf3+ Kxb6 50. Ke2 Nd4+ 51. Kxf2 Nxf3 52. Kxf3
1/2-1/2

[Event "Ïåðâåíñòâî Ìîñêâû ïî øàõìàòàì"]
[Site "Ìîñêâà, ÌÃÈÌÎ ïð. Âåðíàäñêîãî,"]
[Date "2018.11.22"]
[Round "6.8"]
[White "Ivannikov, Maksim"]
[Black "Maimin, Leonid"]
[Result "1/2-1/2"]
[WhiteElo "1291"]
[BlackElo "1379"]
[PlyCount "101"]
[EventDate "2018.11.18"]

1. e4 c5 2. c3 Nf6 3. e5 Nd5 4. d4 cxd4 5. Nf3 Nc6 6. Bc4 Nb6 7. Bb3 e6 8. cxd4
d6 9. O-O Be7 10. Bf4 dxe5 11. dxe5 O-O 12. Nc3 Qc7 13. a3 a6 14. Rc1 Rd8 15.
Qc2 Na5 16. Ba2 Nac4 17. Ne4 Nd5 18. Bg3 b5 19. b3 Bxa3 20. Rcd1 Nb4 21. Rxd8+
Qxd8 22. Qd1 Qxd1 23. Rxd1 Nxa2 24. bxc4 Bb7 25. Nd6 Bxd6 26. exd6 Bxf3 27.
gxf3 Nc3 28. Rd3 Ne2+ 29. Kf1 bxc4 30. Ra3 Nxg3+ 31. fxg3 f5 32. d7 Rd8 33.
Rxa6 Rxd7 34. Rxe6 c3 35. Rc6 Rd1+ 36. Ke2 Rd2+ 37. Ke3 Rxh2 38. Rxc3 Kf7 39.
Kf4 g6 40. g4 fxg4 41. Kxg4 h5+ 42. Kg3 Re2 43. f4 Kf6 44. Rc6+ Re6 45. Rc8 Re4
46. Rf8+ Kg7 47. Ra8 h4+ 48. Kxh4 Rxf4+ 49. Kg5 Rf5+ 50. Kg4 Rf7 51. Kg5
1/2-1/2

[Event "Ïåðâåíñòâî Ìîñêâû ïî øàõìàòàì"]
[Site "Ìîñêâà, ÌÃÈÌÎ ïð. Âåðíàäñêîãî,"]
[Date "2018.11.22"]
[Round "6.9"]
[White "Filippov, Andrei O"]
[Black "Silenko, Alexey"]
[Result "0-1"]
[WhiteElo "1415"]
[BlackElo "1347"]
[PlyCount "68"]
[EventDate "2018.11.18"]

1. e4 e6 2. d4 d5 3. e5 c5 4. c3 Nc6 5. Nf3 Bd7 6. Bd3 f6 7. O-O Be7 8. Nh4 g6
9. f4 f5 10. Nf3 Qc7 11. a3 O-O-O 12. b4 cxd4 13. cxd4 Qb6 14. Be3 Nh6 15. h3
Nf7 16. Nc3 Rdg8 17. Rc1 Kb8 18. Na4 Qd8 19. Nc5 g5 20. Nxg5 Nxg5 21. fxg5 Bxg5
22. Bxg5 Rxg5 23. Bb5 Rhg8 24. Rf2 Rg3 25. Nxd7+ Qxd7 26. Qa4 Qg7 27. Bf1 Nxd4
28. Qd1 Qxe5 29. a4 Rxh3 30. g3 Rhxg3+ 31. Bg2 Qe3 32. Qf1 Rxg2+ 33. Qxg2 Rxg2+
34. Kxg2 Qxc1 0-1

[Event "Ïåðâåíñòâî Ìîñêâû ïî øàõìàòàì"]
[Site "Ìîñêâà, ÌÃÈÌÎ ïð. Âåðíàäñêîãî,"]
[Date "2018.11.22"]
[Round "6.10"]
[White "Bachaliashvili, Eduard"]
[Black "Yonal, Timur"]
[Result "1/2-1/2"]
[WhiteElo "1253"]
[BlackElo "1524"]
[PlyCount "106"]
[EventDate "2018.11.18"]

1. d4 d5 2. Nf3 e6 3. Bf4 Nf6 4. e3 Be7 5. Be2 Nbd7 6. O-O O-O 7. c4 dxc4 8.
Bxc4 c5 9. Nc3 a6 10. a4 b6 11. d5 exd5 12. Nxd5 Nxd5 13. Bxd5 Ra7 14. Qb3 Bb7
15. Rfd1 Qc8 16. e4 Bxd5 17. exd5 Qb7 18. Ne5 Bd6 19. Qg3 Bxe5 20. Bxe5 Nxe5
21. Qxe5 Qe7 22. Qh5 Rd7 23. Rd2 Rfd8 24. Rad1 g6 25. Qf3 Qe5 26. Qb3 Rd6 27.
Qc4 Kg7 28. h3 a5 29. Qb3 Kg8 30. Qc4 h5 31. Qb3 Qe4 32. Qb5 Kg7 33. Qb3 Kg8
34. Qb5 c4 35. Rd4 Qe2 36. R4d2 Qe4 37. Rd4 Qc2 38. R4d2 Qb3 39. Qxb3 cxb3 40.
Rd3 b5 41. Rxb3 b4 42. Rbd3 Kg7 43. f4 g5 44. fxg5 h4 45. Rd4 Kg6 46. Kf2 Kxg5
47. Rg4+ Kh5 48. Rgd4 f5 49. Ke3 Kg5 50. R1d3 Re8+ 51. Kd2 Red8 52. Kc2 Rc8+
53. Kb3 Rc5 1/2-1/2

[Event "Ïåðâåíñòâî Ìîñêâû ïî øàõìàòàì"]
[Site "Ìîñêâà, ÌÃÈÌÎ ïð. Âåðíàäñêîãî,"]
[Date "2018.11.22"]
[Round "6.11"]
[White "Nevskiy, Mikhail"]
[Black "Fedosov, Alexander"]
[Result "1-0"]
[WhiteElo "1528"]
[BlackElo "1140"]
[PlyCount "47"]
[EventDate "2018.11.18"]

1. e4 c5 2. Nf3 Nc6 3. d4 cxd4 4. Nxd4 Nf6 5. Nc3 e5 6. Ndb5 d6 7. Nd5 Nxd5 8.
exd5 Nb8 9. Bd3 Be7 10. Qh5 h6 11. O-O a6 12. Nc3 Nd7 13. Qg4 Bf6 14. b4 Nc5
15. Bf5 Nd7 16. Ne4 Qe7 17. Ba3 b5 18. c4 O-O 19. c5 dxc5 20. bxc5 g6 21. Bxd7
Bxd7 22. Qxd7 Qxd7 23. Nxf6+ Kg7 24. Nxd7 1-0

[Event "Ïåðâåíñòâî Ìîñêâû ïî øàõìàòàì"]
[Site "Ìîñêâà, ÌÃÈÌÎ ïð. Âåðíàäñêîãî,"]
[Date "2018.11.22"]
[Round "6.12"]
[White "Zherdev, Radomir"]
[Black "Khlypovka, Stepan"]
[Result "0-1"]
[WhiteElo "1293"]
[BlackElo "1220"]
[PlyCount "82"]
[EventDate "2018.11.18"]

1. e4 d5 2. exd5 Qxd5 3. Nc3 Qd6 4. d4 Nf6 5. Nf3 Bg4 6. h3 Bxf3 7. Qxf3 c6 8.
Be3 e6 9. O-O-O Be7 10. Bf4 Qd8 11. Bd3 Nd5 12. Nxd5 cxd5 13. Bxb8 Rxb8 14.
Bb5+ Kf8 15. Rhe1 Qb6 16. Bd7 Bf6 17. Qf4 Rd8 18. Ba4 Rc8 19. g4 h6 20. h4 Bxh4
21. Kb1 Bf6 22. Rh1 Ke7 23. Bb3 a5 24. Rhe1 Rhd8 25. a3 Qc6 26. Re2 b5 27. Qd2
a4 28. Ba2 Kd7 29. f4 Be7 30. Rde1 Re8 31. g5 hxg5 32. fxg5 g6 33. Qf4 Rf8 34.
Qg4 b4 35. axb4 Bxb4 36. Rc1 a3 37. Rf1 axb2 38. Rf3 Qa6 39. Rb3 Ra8 40. Rxb2
Bc3 41. Re5 Qf1+ 0-1

[Event "Ïåðâåíñòâî Ìîñêâû ïî øàõìàòàì"]
[Site "Ìîñêâà, ÌÃÈÌÎ ïð. Âåðíàäñêîãî,"]
[Date "2018.11.22"]
[Round "6.15"]
[White "Nikitin, Stepan"]
[Black "Chekanov, Timur"]
[Result "0-1"]
[WhiteElo "1190"]
[BlackElo "1204"]
[PlyCount "96"]
[EventDate "2018.11.18"]

1. e4 d5 2. exd5 Qxd5 3. Nc3 Qd8 4. d4 c6 5. Nf3 Nf6 6. Bg5 Bf5 7. Bd3 Bg6 8.
Bxg6 hxg6 9. Qd2 e6 10. O-O-O Be7 11. Ne5 Nbd7 12. Qf4 Nxe5 13. Bxf6 Nd3+ 14.
Rxd3 Bxf6 15. Ne4 Rh4 16. Nxf6+ Qxf6 17. Qxf6 gxf6 18. g3 Rh3 19. Kd2 Ke7 20.
g4 Rah8 21. Rxh3 Rxh3 22. Ke2 g5 23. f3 e5 24. c3 Ke6 25. Kf2 Rh8 26. Kg3 Rd8
27. Re1 Rd5 28. h4 gxh4+ 29. Kxh4 c5 30. dxc5 Rxc5 31. Kg3 Rd5 32. Re2 Rd1 33.
Kf2 Rd6 34. f4 Rd5 35. f5+ Ke7 36. Kf3 Rd3+ 37. Kf2 Kd7 38. a4 a5 39. Re3 Rd2+
40. Re2 Rd3 41. Rc2 Kc6 42. b4 b6 43. Kg2 Rd1 44. b5+ Kc5 45. Kf3 Rd3+ 46. Ke4
Rg3 47. Rd2 Rxg4+ 48. Ke3 Rxa4 0-1

[Event "Ïåðâåíñòâî Ìîñêâû ïî øàõìàòàì"]
[Site "Ìîñêâà, ÌÃÈÌÎ ïð. Âåðíàäñêîãî,"]
[Date "2018.11.22"]
[Round "6.17"]
[White "Smirnov, Vsevolod"]
[Black "Makarenko, Kirill"]
[Result "1-0"]
[WhiteElo "1244"]
[BlackElo "1060"]
[PlyCount "73"]
[EventDate "2018.11.18"]

1. e4 d6 2. d4 Nf6 3. Nc3 Nbd7 4. f3 e5 5. d5 Be7 6. Be3 O-O 7. Bc4 a6 8. a3 b5
9. Bb3 Nb6 10. Nge2 Nc4 11. Bxc4 bxc4 12. Qb1 Rb8 13. Qa2 a5 14. Rb1 Ba6 15.
O-O Nh5 16. Bf2 Bh4 17. g3 Be7 18. Rfe1 Qd7 19. g4 Nf4 20. Nxf4 exf4 21. Ne2 h5
22. h3 hxg4 23. hxg4 Bg5 24. Kg2 Qe7 25. Rh1 f6 26. Nd4 Qd7 27. Rh2 Kf7 28. Rh5
Rh8 29. Rbh1 Rxh5 30. Rxh5 Kg8 31. Qb1 g6 32. Rh3 Bc8 33. Qh1 Qg7 34. Nc6 f5
35. Bd4 Bf6 36. Bxf6 Qxf6 37. Nxb8 1-0

[Event "Ïåðâåíñòâî Ìîñêâû ïî øàõìàòàì"]
[Site "Ìîñêâà, ÌÃÈÌÎ ïð. Âåðíàäñêîãî,"]
[Date "2018.11.22"]
[Round "6.18"]
[White "Kovaler, Filipp"]
[Black "Rozhkov, Maksim"]
[Result "1-0"]
[WhiteElo "1182"]
[BlackElo "1154"]
[PlyCount "63"]
[EventDate "2018.11.18"]

1. d4 Nf6 2. Bf4 e6 3. e3 c5 4. h3 Nc6 5. Nf3 b6 6. Be2 Bb7 7. O-O g6 8. c3 Bg7
9. Nbd2 d5 10. Rc1 O-O 11. Qb3 Na5 12. Qc2 Rc8 13. Nb3 Nxb3 14. axb3 Re8 15.
Ra1 a5 16. Bb5 Re7 17. Ne5 cxd4 18. exd4 Ne4 19. Qe2 f6 20. Nd3 Nd6 21. Ba4 b5
22. Bxd6 Qxd6 23. Bxb5 Qb6 24. Nc5 e5 25. Nxb7 Qxb7 26. Ba6 Qc7 27. Bxc8 exd4
28. Qa6 dxc3 29. bxc3 Qxc3 30. Be6+ Kf8 31. Qc8+ Qxc8 32. Bxc8 1-0

[Event "Ïåðâåíñòâî Ìîñêâû ïî øàõìàòàì"]
[Site "Ìîñêâà, ÌÃÈÌÎ ïð. Âåðíàäñêîãî,"]
[Date "2018.11.22"]
[Round "6.20"]
[White "Semin, Danila"]
[Black "Saulin, Grigoriy"]
[Result "0-1"]
[WhiteElo "1006"]
[BlackElo "1056"]
[PlyCount "80"]
[EventDate "2018.11.18"]

1. e4 e5 2. Nf3 Nc6 3. Bb5 a6 4. Ba4 Nf6 5. O-O b5 6. Bb3 Be7 7. c3 d6 8. d4
O-O 9. Be3 Bb7 10. Nbd2 Nd7 11. Bc2 f6 12. Nb3 Nb6 13. d5 Na7 14. Bxb6 cxb6 15.
Nh4 Bc8 16. h3 a5 17. Qd3 b4 18. cxb4 Nb5 19. bxa5 Ba6 20. Qe3 bxa5 21. Rfe1 a4
22. Nd2 Nd4 23. Bxa4 f5 24. Nhf3 f4 25. Qc3 Ne2+ 26. Rxe2 Bxe2 27. Bc6 Rc8 28.
Re1 Bb5 29. Qb3 Ba6 30. Qa3 Qb6 31. Rc1 Rb8 32. Rc2 Rfc8 33. Ba4 Rxc2 34. Bxc2
Qxb2 35. Qxa6 Qxc2 36. Qa7 Re8 37. Qd7 Qc8 38. Qxc8 Rxc8 39. Nf1 Ra8 40. N3d2
Rxa2 0-1

[Event "Ïåðâåíñòâî Ìîñêâû ïî øàõìàòàì"]
[Site "Ìîñêâà, ÌÃÈÌÎ ïð. Âåðíàäñêîãî,"]
[Date "2018.11.22"]
[Round "6.25"]
[White "Selivanov, Alexandr"]
[Black "Morozov, Nikolay"]
[Result "1-0"]
[WhiteElo "1176"]
[BlackElo "1128"]
[PlyCount "109"]
[EventDate "2018.11.18"]

1. e4 c5 2. Nf3 Nc6 3. d4 cxd4 4. Nxd4 g6 5. Nc3 Bg7 6. Be3 Nf6 7. Qd2 d5 8. f3
dxe4 9. fxe4 Nxe4 10. Nxe4 Nxd4 11. O-O-O Nc6 12. Qxd8+ Nxd8 13. Bb5+ Nc6 14.
Rhf1 O-O 15. h3 Ne5 16. Rd5 Be6 17. Rd2 a6 18. Be2 Rac8 19. Kb1 Nc4 20. Bxc4
Rxc4 21. Nc5 Rb4 22. b3 Bc3 23. Nxe6 Bxd2 24. Bxd2 Re4 25. Nxf8 Kxf8 26. Re1
Rd4 27. Bc3 Rd5 28. Bb4 Rd7 29. Re3 Ke8 30. Kb2 e6 31. Rd3 Rc7 32. Kc1 Rd7 33.
Rxd7 Kxd7 34. Kd2 Kc6 35. c4 b6 36. Ke3 f6 37. Be7 f5 38. Kf4 Kd7 39. Ba3 Ke8
40. Kg5 Kf7 41. Kh6 e5 42. c5 bxc5 43. Bxc5 e4 44. Be3 Kf6 45. Bf4 g5 46. Bxg5+
Ke5 47. b4 f4 48. a4 f3 49. gxf3 exf3 50. Bh4 Kd5 51. Bf2 Kc4 52. b5 axb5 53.
axb5 Kxb5 54. Kxh7 Kc4 55. h4 1-0

[Event "Ïåðâåíñòâî Ìîñêâû ïî øàõìàòàì"]
[Site "Ìîñêâà, ÌÃÈÌÎ ïð. Âåðíàäñêîãî,"]
[Date "2018.11.22"]
[Round "6.26"]
[White "Titkov, Svyatoslav"]
[Black "Minko, Aleksandr"]
[Result "0-1"]
[WhiteElo "1106"]
[BlackElo "1213"]
[PlyCount "64"]
[EventDate "2018.11.18"]

1. e4 e5 2. Nf3 Nc6 3. Bc4 Nf6 4. d3 h6 5. c3 g6 6. Nbd2 Bg7 7. d4 exd4 8. cxd4
Nxe4 9. Bxf7+ Kxf7 10. O-O Re8 11. d5 Nxd2 12. Qxd2 Ne5 13. Qf4+ Kg8 14. Nxe5
Rxe5 15. Qc4 d6 16. Qb3 b6 17. Be3 Bb7 18. Rfd1 Qh4 19. h3 Bc8 20. Bd2 Rh5 21.
Rac1 Bd4 22. Be1 Bc5 23. Qd3 Bf5 24. Qc3 Rf8 25. b4 Bxh3 26. Qxh3 Bxf2+ 27. Kf1
Bxe1+ 28. Kg1 Qf2+ 29. Kh1 Rxh3+ 30. gxh3 Qf1+ 31. Kh2 Rf2+ 32. Kg3 Rg2# 0-1

[Event "Ïåðâåíñòâî Ìîñêâû ïî øàõìàòàì"]
[Site "Ìîñêâà, ÌÃÈÌÎ ïð. Âåðíàäñêîãî,"]
[Date "2018.11.23"]
[Round "7.1"]
[White "Averin, Nikolay"]
[Black "Usov, Aleksandr E"]
[Result "1/2-1/2"]
[WhiteElo "1557"]
[BlackElo "1640"]
[PlyCount "162"]
[EventDate "2018.11.18"]

1. e4 c6 2. d4 d5 3. exd5 cxd5 4. Bd3 Nc6 5. c3 Nf6 6. Bf4 g6 7. Nd2 Bg7 8.
Ngf3 O-O 9. O-O Bf5 10. Bxf5 gxf5 11. Ne1 e6 12. Nd3 Kh8 13. Re1 Rg8 14. Nf1
Ne4 15. Qh5 Qe8 16. Re3 f6 17. Rh3 Qxh5 18. Rxh5 e5 19. Be3 f4 20. Bxf4 exf4
21. Nxf4 h6 22. Rxd5 f5 23. g3 b5 24. Rxb5 Rab8 25. Rxb8 Rxb8 26. Nd3 Na5 27.
f3 Nd6 28. Nd2 Ndc4 29. Rd1 h5 30. b4 Nxd2 31. Rxd2 Nc4 32. Rc2 Rc8 33. Nc5 f4
34. gxf4 Ne3 35. Rc1 Nd5 36. Kf1 Nxf4 37. Rc2 Nd5 38. Ke2 Nf4+ 39. Ke3 Bh6 40.
Ke4 Re8+ 41. Kf5 Kg7 42. a4 Nd5 43. Ne6+ Kh8 44. Ke5 Ne3 45. Re2 Bg7+ 46. Kd6
Bf8+ 47. Ke5 Nc4+ 48. Kf6 Re7 49. Nf4 Rc7 50. Re8 Kg8 51. Rxf8+ Kxf8 52. Ne6+
Ke8 53. Nxc7+ Kd7 54. Nd5 Nd2 55. Nf4 h4 56. Kg5 Nxf3+ 57. Kg4 Nxh2+ 58. Kxh4
Nf3+ 59. Kg3 Nd2 60. Ne2 Kd6 61. a5 Kd5 62. Kf4 Kc4 63. Ke3 Nf1+ 64. Kf2 Nd2
65. Ke1 Ne4 66. Kd1 Kd3 67. Ke1 Kc4 68. Kd1 Kd3 69. d5 Kc4 70. Kc2 Kxd5 71. Kb3
Nd2+ 72. Kc2 Ne4 73. Kd3 Nf2+ 74. Ke3 Nd1+ 75. Kd2 Nf2 76. Nd4 Kc4 77. Ne2 Ne4+
78. Kc2 Nxc3 79. Nxc3 Kxb4 80. a6 Ka5 81. Nd5 Kxa6 1/2-1/2

[Event "Ïåðâåíñòâî Ìîñêâû ïî øàõìàòàì"]
[Site "Ìîñêâà, ÌÃÈÌÎ ïð. Âåðíàäñêîãî,"]
[Date "2018.11.23"]
[Round "7.2"]
[White "Tunik, Denis"]
[Black "Akhmedov, David"]
[Result "1-0"]
[WhiteElo "1673"]
[BlackElo "1561"]
[PlyCount "91"]
[EventDate "2018.11.18"]

1. d4 Nf6 2. c4 g6 3. Nc3 Bg7 4. e4 O-O 5. Nf3 d6 6. Be2 Nbd7 7. O-O e5 8. d5
Nc5 9. Qc2 a5 10. Bg5 h6 11. Be3 Nfd7 12. Nd2 f5 13. f3 f4 14. Bf2 g5 15. h3 h5
16. Nb3 b6 17. a3 Nf6 18. Nxc5 bxc5 19. b4 axb4 20. axb4 Rxa1 21. Rxa1 cxb4 22.
Nb5 g4 23. Ra8 gxh3 24. Na7 Qd7 25. c5 hxg2 26. Kxg2 b3 27. Qd1 Bh6 28. Bf1 b2
29. Kh1 Qa4 30. Qxa4 b1=Q 31. Qb5 Qa1 32. Rxc8 Qxa7 33. Rxf8+ Bxf8 34. Bh4 Nh7
35. Qe8 Qa3 36. Qxh5 dxc5 37. Bh3 Qa1+ 38. Kg2 Qb2+ 39. Bf2 Qb8 40. Be6+ Kg7
41. Bf5 Nf6 42. Qg6+ Kh8 43. Qxf6+ Bg7 44. Qh4+ Kg8 45. Qh7+ Kf8 46. Be6 1-0

[Event "Ïåðâåíñòâî Ìîñêâû ïî øàõìàòàì"]
[Site "Ìîñêâà, ÌÃÈÌÎ ïð. Âåðíàäñêîãî,"]
[Date "2018.11.23"]
[Round "7.3"]
[White "Uskov, Artem"]
[Black "Frolov, Maxim"]
[Result "1-0"]
[WhiteElo "1366"]
[BlackElo "1218"]
[PlyCount "77"]
[EventDate "2018.11.18"]

1. e4 e6 2. d4 d5 3. Nc3 Nf6 4. Bd3 dxe4 5. Nxe4 Nc6 6. Nf3 Be7 7. O-O O-O 8.
c3 b6 9. Qc2 g6 10. Bh6 Re8 11. Ne5 Nxe5 12. dxe5 Ng4 13. Bb5 Bd7 14. Rad1 Nxe5
15. Bf4 Qc8 16. Bxe5 Bxb5 17. c4 Bc6 18. Nf6+ Bxf6 19. Bxf6 e5 20. Qc1 Qg4 21.
f3 Qf5 22. Bh4 e4 23. Qg5 Qxg5 24. Bxg5 exf3 25. gxf3 Re5 26. Bh4 Rf5 27. Rd3
Re8 28. Be1 Bxf3 29. Rd7 Re2 30. Rxf3 Rxf3 31. Bc3 Re8 32. Rxc7 Ra8 33. a4 Rf5
34. a5 h5 35. axb6 axb6 36. Rb7 Rc8 37. Rxb6 Rxc4 38. Rb8+ Kh7 39. Rh8# 1-0

[Event "Ïåðâåíñòâî Ìîñêâû ïî øàõìàòàì"]
[Site "Ìîñêâà, ÌÃÈÌÎ ïð. Âåðíàäñêîãî,"]
[Date "2018.11.23"]
[Round "7.4"]
[White "Parpiev, Isaak"]
[Black "Averkiev, Andrei"]
[Result "1-0"]
[WhiteElo "1314"]
[BlackElo "1440"]
[PlyCount "91"]
[EventDate "2018.11.18"]

1. e4 e6 2. d4 d5 3. e5 c5 4. c3 Qb6 5. Nf3 Nc6 6. a3 cxd4 7. cxd4 Nge7 8. Bd3
Bd7 9. Bc2 Ng6 10. Nc3 Be7 11. O-O O-O 12. Rb1 Na5 13. Bg5 Bxg5 14. Nxg5 h6 15.
Nxf7 Rxf7 16. Bxg6 Rf4 17. Ne2 Rff8 18. Bd3 Rac8 19. f4 Nb3 20. Kh1 Ba4 21. f5
Nc1 22. Qxa4 Nxd3 23. Qd7 Rc2 24. Nf4 Nxf4 25. Rxf4 Qxb2 26. Qxe6+ Kh8 27. Rg1
Rxg2 28. Rxg2 Qc1+ 29. Rg1 Qxf4 30. Qg6 Qf3+ 31. Qg2 Rxf5 32. Qxf3 Rxf3 33. Rb1
b6 34. Rb5 Rxa3 35. Rxd5 Kg8 36. Rd7 b5 37. d5 b4 38. d6 b3 39. e6 g5 40. e7
Kf7 41. Rd8 Ra1+ 42. Kg2 Re1 43. Rf8+ Kg7 44. e8=Q Rxe8 45. Rxe8 b2 46. Rb8 1-0

[Event "Ïåðâåíñòâî Ìîñêâû ïî øàõìàòàì"]
[Site "Ìîñêâà, ÌÃÈÌÎ ïð. Âåðíàäñêîãî,"]
[Date "2018.11.23"]
[Round "7.5"]
[White "Maslovskiy, Vladimir"]
[Black "Silenko, Alexey"]
[Result "0-1"]
[WhiteElo "1231"]
[BlackElo "1347"]
[PlyCount "102"]
[EventDate "2018.11.18"]

1. c3 d5 2. Qa4+ Bd7 3. Qb3 Bc6 4. d4 e6 5. Nf3 Bd6 6. Bg5 Ne7 7. e3 O-O 8. Bd3
f6 9. Bh4 Nd7 10. Bg3 e5 11. Bc2 Nb6 12. a4 e4 13. Nfd2 f5 14. a5 Nd7 15. Bxd6
cxd6 16. h4 f4 17. Bxe4 Kh8 18. Bd3 fxe3 19. fxe3 Nf5 20. Bxf5 Rxf5 21. Nf1 Qe7
22. Nbd2 Nf6 23. Qc2 Qe6 24. Nf3 Ng4 25. Qe2 h6 26. Ng3 Rf7 27. Kd2 Re7 28.
Rhe1 Rae8 29. Nf1 a6 30. N3h2 Nf6 31. Kc1 Bb5 32. Qd1 Qe4 33. g3 Bxf1 34. Nxf1
Ng4 35. Kd2 Qg2+ 36. Qe2 Qe4 37. Qd3 Qf3 38. Qe2 Qe4 39. Kc1 Rf8 40. Qc2 Qf3
41. Qd1 Qe4 42. Nd2 Qg6 43. Qc2 Qf6 44. Qd3 Rfe8 45. Nf1 Qf2 46. Qd2 Qf3 47. b4
Nxe3 48. Nxe3 Rxe3 49. Rxe3 Rxe3 50. Ra2 Qf1+ 51. Kb2 Re2 0-1

[Event "Ïåðâåíñòâî Ìîñêâû ïî øàõìàòàì"]
[Site "Ìîñêâà, ÌÃÈÌÎ ïð. Âåðíàäñêîãî,"]
[Date "2018.11.23"]
[Round "7.6"]
[White "Zverev, Lev"]
[Black "Abdeev, Lev"]
[Result "1-0"]
[WhiteElo "1723"]
[BlackElo "1181"]
[PlyCount "55"]
[EventDate "2018.11.18"]

1. e4 e5 2. Nf3 Nc6 3. Bb5 a6 4. Ba4 Nf6 5. d3 b5 6. Bb3 Be7 7. c3 Na5 8. Nxe5
Nxb3 9. axb3 Bb7 10. Nf3 d6 11. O-O O-O 12. Nbd2 c6 13. Re1 c5 14. Nf1 Re8 15.
c4 Qc7 16. Bf4 Qd7 17. Ng3 Bc6 18. Nf5 h6 19. Qd2 Bf8 20. h3 Kh7 21. Rad1 bxc4
22. bxc4 Nh5 23. Be3 Nf6 24. Nh2 Bxe4 25. dxe4 Nxe4 26. Qd5 Nf6 27. Qf3 Re5 28.
Qxa8 1-0

[Event "Ïåðâåíñòâî Ìîñêâû ïî øàõìàòàì"]
[Site "Ìîñêâà, ÌÃÈÌÎ ïð. Âåðíàäñêîãî,"]
[Date "2018.11.23"]
[Round "7.7"]
[White "Motruk, Denis"]
[Black "Ivannikov, Maksim"]
[Result "1-0"]
[WhiteElo "1309"]
[BlackElo "1291"]
[PlyCount "67"]
[EventDate "2018.11.18"]

1. e4 e5 2. Nf3 Nc6 3. Bc4 Nf6 4. d3 Be7 5. Nc3 d6 6. h3 O-O 7. Be3 Na5 8. Bb3
Nxb3 9. axb3 a6 10. O-O Be6 11. d4 exd4 12. Nxd4 Qd7 13. Kh2 b5 14. b4 Bc4 15.
Re1 d5 16. e5 Ne4 17. Nb1 Bxb4 18. c3 Be7 19. b3 c5 20. Nf3 Bxb3 21. Qxb3 Qe6
22. Nbd2 c4 23. Qc2 Nc5 24. Bxc5 Bxc5 25. Reb1 Bxf2 26. Nxc4 dxc4 27. Qxf2 Rfd8
28. Rd1 Rd3 29. Rd2 Rxc3 30. Rd6 Rxf3 31. Qxf3 Qxe5+ 32. g3 Rf8 33. Rdxa6 Qb2+
34. Qg2 1-0

[Event "Ïåðâåíñòâî Ìîñêâû ïî øàõìàòàì"]
[Site "Ìîñêâà, ÌÃÈÌÎ ïð. Âåðíàäñêîãî,"]
[Date "2018.11.23"]
[Round "7.8"]
[White "Dianin, Georgiy"]
[Black "Nevskiy, Mikhail"]
[Result "1-0"]
[WhiteElo "1060"]
[BlackElo "1528"]
[PlyCount "91"]
[EventDate "2018.11.18"]

1. e4 e5 2. Nf3 Nc6 3. d4 exd4 4. Nxd4 Nf6 5. Nxc6 bxc6 6. e5 Qe7 7. Qe2 Nd5 8.
c4 Ba6 9. b3 g6 10. Ba3 c5 11. g3 Bg7 12. Bg2 c6 13. f4 Nb4 14. Bxb4 cxb4 15.
O-O O-O 16. Nd2 d6 17. Bxc6 Rac8 18. Bd5 Rc5 19. Qf3 dxe5 20. Rae1 Rd8 21. Rf2
Rc7 22. fxe5 Bxe5 23. Qe4 Bf6 24. Qxe7 Bxe7 25. Bxf7+ Kg7 26. Ne4 Bb7 27. Bd5
Bxd5 28. cxd5 Rxd5 29. Rfe2 Ra5 30. Kg2 Rc6 31. Nd2 Bf6 32. Nc4 Rac5 33. Rd1
Ra6 34. Rd7+ Kh6 35. Rb7 Bc3 36. Ne3 Rca5 37. h4 Rxa2 38. Ng4+ Kh5 39. Kh3 h6
40. Rh7 Bg7 41. Rxa2 Rxa2 42. Rxg7 Ra6 43. Rxa7 Re6 44. Rf7 g5 45. Rf6 Rxf6 46.
Nxf6+ 1-0

[Event "Ïåðâåíñòâî Ìîñêâû ïî øàõìàòàì"]
[Site "Ìîñêâà, ÌÃÈÌÎ ïð. Âåðíàäñêîãî,"]
[Date "2018.11.23"]
[Round "7.9"]
[White "Maimin, Leonid"]
[Black "Kovaler, Filipp"]
[Result "0-1"]
[WhiteElo "1379"]
[BlackElo "1182"]
[PlyCount "82"]
[EventDate "2018.11.18"]

1. e4 c6 2. d4 d5 3. exd5 cxd5 4. Bd3 Nc6 5. c3 Nf6 6. Bf4 g6 7. Nf3 Bg7 8.
Nbd2 O-O 9. O-O Bd7 10. Re1 Re8 11. Ne5 Nh5 12. Nxc6 Bxc6 13. Be3 Nf6 14. Nf3
Ne4 15. Qb3 e6 16. Bf4 f5 17. Bxe4 fxe4 18. Ne5 Qb6 19. f3 Rf8 20. Qxb6 axb6
21. Nxc6 Rxf4 22. Nb4 Raf8 23. fxe4 dxe4 24. Re2 Bh6 25. Rae1 e3 26. d5 Re4 27.
dxe6 Rxe6 28. Nd5 Rd8 29. c4 b5 30. b3 bxc4 31. bxc4 b5 32. Nc7 Rc6 33. Nxb5
Rxc4 34. a3 Rc5 35. a4 Ra8 36. Rb2 Rxa4 37. Nd6 Rf4 38. Rb8+ Rf8 39. Rb7 e2 40.
Re7 Bd2 41. R1xe2 Rc1+ 0-1

[Event "Ïåðâåíñòâî Ìîñêâû ïî øàõìàòàì"]
[Site "Ìîñêâà, ÌÃÈÌÎ ïð. Âåðíàäñêîãî,"]
[Date "2018.11.23"]
[Round "7.10"]
[White "Khlypovka, Stepan"]
[Black "Artelnykh, Leonid"]
[Result "1-0"]
[WhiteElo "1220"]
[BlackElo "1354"]
[PlyCount "89"]
[EventDate "2018.11.18"]

1. d4 c6 2. e3 d5 3. Bd3 Nf6 4. Nd2 Bg4 5. Ngf3 e6 6. b3 Bd6 7. Bb2 O-O 8. O-O
Nbd7 9. Be2 Ne4 10. a3 f5 11. Ne5 Bxe2 12. Qxe2 Qc7 13. Nxd7 Qxd7 14. Rfe1 Nxd2
15. Qxd2 Qc7 16. h3 f4 17. exf4 Bxf4 18. Qe2 Rf6 19. c4 Raf8 20. Bc3 Kh8 21.
Rf1 h6 22. Ra2 Qb6 23. Rb2 Qc7 24. Rbb1 Qe7 25. b4 Rg6 26. Kh1 Qg5 27. Rg1 Qh4
28. Be1 Rf5 29. Rb3 Bc7 30. g4 Rf4 31. cxd5 cxd5 32. Qc2 Rgf6 33. Qxc7 Rf3 34.
Rg3 Rxb3 35. Rxb3 Qg5 36. Qc2 Qf4 37. Rc3 Rf8 38. Qd3 b5 39. Kg2 a6 40. f3 Qb8
41. Bg3 Qb7 42. Rc7 Qb6 43. Be5 Rg8 44. Qg6 Qxc7 45. Qxh6# 1-0